| 000 | 00391nam a22001697a 4500 | ||
|---|---|---|---|
| 005 | 20160624153907.0 | ||
| 008 | 160624b xxu||||| |||| 00| 0 eng d | ||
| 020 | _a81-229-0157-3 | ||
| 041 | _aeng | ||
| 082 | _b9871 | ||
| 100 |
_aOrlik, Peter, B _92693 |
||
| 245 | _aThe Electronic Media | ||
| 260 |
_bSurjeet _c2003 |
||
| 300 | _a659 | ||
| 650 |
_aMass Communication _92660 |
||
| 942 | _cBK | ||
| 999 |
_c3879 _d3878 |
||